| 000 | 00913cab a22002535a 4500 | ||
|---|---|---|---|
| 001 | L153621 | ||
| 008 | 110810e20110806xxk 000 0 eng d | ||
| 035 | _a(Sirsi) u153621 | ||
| 041 | 0 | _aeng | |
| 100 | 1 | _aSimmons, Mark | |
| 245 | 0 | 0 |
_aFocus _bGlos, Herefordshire, Worcs and Warwickshire |
| 260 | _c2011 | ||
| 490 |
_aEstates Gazette _v(1131) 6 August 2011, 37-45(8) |
||
| 520 | _aLooks at local enterprise partnerships in the Marches, Worcestershire, Gloucestershire and Coventry and Warwickshire and proposed development schemes including a leisure/retail scheme in Herford. Market in minutes overview of offices including take up, supply and rents. | ||
| 590 | _aKA | ||
| 651 | 4 | _aGloucestershire | |
| 651 | 4 | _aHerefordshire | |
| 651 | 4 | _aWorcestershire | |
| 651 | 4 | _aWarwickshire | |
| 690 | _aPROPERTY-COMMERCIAL PROPERTY | ||
| 700 | 1 | _aLewis, Mark | |
| 700 | 1 | _aElghamry, Nadia | |
| 942 | _n0 | ||
| 999 |
_c83339 _d83339 |
||